[Event "CHN-ch Open 2019"]
[Site "Xinghua"]
[Date "2019.05.19"]
[Round "8.2"]
[White "Xu, Yi"]
[Black "Peng, Xiongjian"]
[Result "0-1"]
[WhiteElo "2546"]
[BlackElo "2451"]
[Annotator "RC"]
[PlyCount "160"]
[EventDate "2019.05.11"]
[EventType "tourn"]
[EventCountry "CHN"]
[SourceTitle "playchess.com"]
[Source "ChessBase"]
[SourceQuality "1"]
[TimeControl "5400+30"]

1. e4 {[%emt 0:00:00]} d6 {[%emt 0:00:00]} 2. d4 {[%emt 0:00:13]} Nf6 {[%emt 0:00:00]} 3. Nc3 {[%emt 0:00:04]} Nbd7 {[%emt 0:00:00]} 4. Nf3 {[%emt 0:01:42]} e5 {[%emt 0:00:00]} 5. Bc4 {[%emt 0:00:08]} Be7 {[%emt 0:00:01]} 6. O-O {[%emt 0:00:09]} O-O {[%emt 0:00:03]} 7. Re1 {[%emt 0:00:40]} c6 {[%emt 0:00:54]} 8. a4 {[%emt 0:00:06]} a5 {[%emt 0:00:04]} 9. h3 {[%emt 0:00:16]} h6 {[%emt 0:02:39]} 10. Ba2 {[%emt 0:05:36]} Re8 {[%emt 0:00:53]} 11. dxe5 {[%emt 0:05:30]} dxe5 {[%emt 0:01:13]} 12. Be3 {[%emt 0:00:20]} Bb4 {[%emt 0:01:44]} 13. Qd3 {[%emt 0:03:14]} Qe7 {[%emt 0:02:41]} 14. Nh4 {[%emt 0:12:58]} Nc5 {[%emt 0:07:46]} 15. Bxc5 {[%emt 0:06:57]} Bxc5 {[%emt 0:00:06]} 16. Qf3 {[%emt 0:03:31]} Nh7 {[%emt 0:02:27]} 17. Rad1 {[%emt 0:07:07]} Be6 {[%emt 0:05:15]} 18. Bxe6 {[%emt 0:01:45]} Qxe6 {[%emt 0:00:36]} 19. Nf5 {[%emt 0:01:08]} Rad8 {[%emt 0:07:58]} 20. Rxd8 {[%emt 0:02:13]} Rxd8 {[%emt 0:00:07]} 21. Rd1 {[%emt 0:00:04]} Qf6 {[%emt 0:02:16]} 22. Rd3 {[%emt 0:02:12]} Rxd3 {[%emt 0:03:00]} 23. Qxd3 {[%emt 0:01:06]} Nf8 {[%emt 0:01:13]} 24. Ne2 {[%emt 0:01:33]} h5 {[%emt 0:00:45]} 25. Qg3 {[%emt 0:11:07]} Ne6 {[%emt 0:04:12]} 26. Qf3 {[%emt 0:11:20]} Ng5 {[%emt 0:03:49]} 27. Qd3 {[%emt 0:00:15]} g6 {[%emt 0:03:51]} 28. Ne3 {[%emt 0:00:05]} Kg7 {[%emt 0:00:09]} 29. h4 {[%emt 0:04:22]} Ne6 {[%emt 0:00:24]} 30. g3 {[%emt 0:00:01]} Bxe3 {[%emt 0:03:00]} 31. Qxe3 {[%emt 0:00:54]} Qd8 {[%emt 0:00:04]} 32. Nc3 {[%emt 0:03:28]} Qd4 {[%emt 0:01:45]} 33. Kg2 {[%emt 0:02:16]} Nc5 {[%emt 0:03:46]} 34. Kf3 {[%emt 0:00:47]} Ne6 {[%emt 0:03:20]} 35. b3 {[%emt 0:04:56]} Kf6 {[%emt 0:01:24]} 36. Ke2 {[%emt 0:01:52]} Qb4 {[%emt 0:00:04]} 37. Kd1 {[%emt 0:00:37]} Nd4 {[%emt 0:01:01]} 38. Ne2 {[%emt 0:00:32]} Ne6 {[%emt 0:00:33]} 39. Nc1 {[%emt 0:01:40]} b5 {[%emt 0:01:35]} 40. Nd3 {[%emt 0:00:18]} Qc3 {[%emt 0:00:48]} 41. Qd2 {[%emt 0:01:07]} Qa1+ {[%emt 0:00:27]} 42. Qc1 {[%emt 0:00:24]} Qd4 {[%emt 0:00:41]} 43. Qe3 {[%emt 0:00:57]} Qa1+ {[%emt 0:07:19]} 44. Qc1 {[%emt 0:00:01]} Qa2 {[%emt 0:00:19]} 45. Qb2 {[%emt 0:02:23]} Qxb2 {[%emt 0:00:06]} 46. Nxb2 {[%emt 0:00:01]} Nc5 {[%emt 0:00:51]} 47. f3 {[%emt 0:00:24]} Ke6 {[%emt 0:00:07]} 48. Kd2 {[%emt 0:01:52]} Kd6 {[%emt 0:00:06]} 49. Kc3 {[%emt 0:02:48]} f5 {[%emt 0:04:41]} 50. Nd3 {[%emt 0:00:33]} Ne6 {[%emt 0:02:33]} 51. exf5 {[%emt 0:00:28]} gxf5 {[%emt 0:00:04]} 52. f4 {[%emt 0:00:07]} exf4 {[%emt 0:03:15]} 53. gxf4 {[%emt 0:00:11]} bxa4 {[%emt 0:03:06]} 54. bxa4 {[%emt 0:00:07]} Nc5 {[%emt 0:00:05]} 55. Ne5 {[%emt 0:02:05]} Nxa4+ {[%emt 0:00:05]} 56. Kd4 {[%emt 0:00:07]} c5+ {[%emt 0:03:46]} 57. Kc4 {[%emt 0:00:12]} Nb2+ {[%emt 0:01:22]} 58. Kb3 {[%emt 0:00:38]} Nd1 {[%emt 0:00:03]} 59. Ka4 {[%emt 0:01:23]} Kd5 {[%emt 0:01:46]} 60. Nd7 {[%emt 0:00:29]} Ke4 {[%emt 0:01:35]} 61. Nf6+ {[%emt 0:00:06]} Kxf4 {[%emt 0:00:19]} 62. Nxh5+ {[%emt 0:00:04]} Kg4 {[%emt 0:00:49]} 63. Ng7 {[%emt 0:00:05]} Nc3+ {[%emt 0:06:45]} 64. Kb3 {[%emt 0:00:02]} Ne4 {[%emt 0:00:23]} 65. h5 {[%emt 0:01:11]} f4 {[%emt 0:00:27]} 66. h6 {[%emt 0:00:04]} Nf6 {[%emt 0:00:06]} 67. Ne8 {[%emt 0:00:33]} Kg5 {[%emt 0:01:47]} 68. Nd6 {[%emt 0:00:45]} f3 {[%emt 0:01:02]} 69. Ne4+ {[%emt 0:01:16]} Nxe4 {[%emt 0:00:09]} 70. h7 {[%emt 0:00:04]} f2 {[%emt 0:00:08]} 71. h8=Q {[%emt 0:00:05]} f1=Q {[%emt 0:00:04]} 72. Qd8+ {[%emt 0:00:23]} Kf4 {[%emt 0:00:32]} 73. Qf8+ {[%emt 0:02:00]} Ke3 {[%emt 0:00:07]} 74. Qh6+ {[%emt 0:00:11]} Qf4 {[%emt 0:00:23]} 75. Qh3+ {[%emt 0:00:02]} Qf3 {[%emt 0:00:05]} 76. Qh6+ {[%emt 0:00:03]} Kd4+ {[%emt 0:00:53]} 77. Ka4 {[%emt 0:00:27]} Nc3+ {[%emt 0:00:10]} 78. Kxa5 {[%emt 0:00:13]} Qa8+ {[%emt 0:00:05]} 79. Kb6 {[%emt 0:00:03]} Nd5+ {[%emt 0:00:13]} 80. Kb5 {[%emt 0:00:01]} Nc7+ {[%emt 0:00:13]} 0-1

[Event "CHN-ch Open 2019"]
[Site "Xinghua"]
[Date "2019.05.19"]
[Round "8.3"]
[White "Li, Shilong"]
[Black "Xu, Jun"]
[Result "0-1"]
[WhiteElo "2507"]
[BlackElo "2487"]
[Annotator "TA"]
[PlyCount "95"]
[EventDate "2019.05.11"]
[EventType "tourn"]
[EventCountry "CHN"]
[SourceTitle "playchess.com"]
[Source "ChessBase"]
[SourceQuality "1"]

{[%evp 17,95,0,0,0,14,-6,0,0,0,0,0,-13,8,12,5,0,7,2,11,-6,35,0,25,7,12,0,6,0,35,25,45,35,25,27,38,11,36,0,11,0,5,0,22,21,23,-18,-18,-59,-42,-213,-220,-226,-193,-422,-430,-393,-428,-402,-374,-462,-466,-712,-691,-29993,-29994,-29994,-29993,-29994,-29983,-29986,-29987,-29987,-29988,-29995,-29996,-29996,-29997,-29997,-29998,-29999]} 1. Nf3 d5 2. c4 e6 3. g3 Nf6 4. Bg2 Be7 5. O-O O-O 6. b3 c5 7. Bb2 Nc6 8. e3 b6 9. Nc3 Ba6 10. Qe2 {A14: English Opening: 1...e6 with b3 by White} Rc8 11. d3 Qc7 (11... Qd7 12. Rfd1 Rfd8 13. a3 h6 14. Rab1 Bb7 15. cxd5 Nxd5 16. Nxd5 Qxd5 17. Bc3 a5 18. Qb2 Bf8 19. d4 {½-½ (19) Fier,A (2551)-Kryvoruchko,Y (2680) Sharjah 2019}) 12. Rfd1 {The position is equal.} Rfd8 13. a3 Qb8 14. Rac1 Bb7 $146 ({Predecessor:} 14... Na5 15. Qc2 d4 16. exd4 cxd4 17. Nb1 Nc6 18. b4 b5 {1-0 (37) Berczes,D (2513)-Lamoureux,C (2374) Budva 2009}) 15. cxd5 Nxd5 16. Nxd5 Rxd5 17. Nd2 Rd7 18. f4 (18. Bc3 {seems wilder.} Nd8 19. Bh3 Nc6 20. f4 Rcd8 21. Ne4) 18... Nd8 19. Nf3 (19. Bh3 {with more complications.} Qc7 20. Ne4 f5 21. Nf2 Nc6 22. e4) 19... f6 20. e4 Bf8 21. Bh3 Re7 22. b4 Re8 23. b5 a6 24. a4 axb5 25. axb5 Nf7 26. e5 f5 27. Bg2 Rcd8 28. Ra1 Qc7 29. Bc3 Ra8 30. Nd2 Bxg2 31. Kxg2 (31. Qxg2 $5 {[%cal Ra1a8]} Rxa1 32. Rxa1 $11) 31... Qd7 32. Rxa8 Rxa8 33. Rb1 $2 (33. d4 $1 $15) 33... Ra3 $19 34. Rc1 Qxb5 35. Qf3 $2 {[#]} (35. Nc4 {might work better.} Qc6+ 36. Kg1) 35... Rxc3 $1 {[%mdl 576] Remove Defender, Decoy} 36. Rxc3 Qb2 $1 {[%csl LRc3,LRd2][%mdl 64] Double Attack} 37. Rb3 Qxd2+ 38. Qf2 Qa5 39. Qb2 (39. Rb2 $142 b5 40. Ra2) 39... Qa8+ 40. Kh3 g5 {Black mates.} 41. Rxb6 g4+ 42. Kh4 Be7+ 43. Kh5 Qf8 {[%csl Gf7][%cal Rf8h6]} 44. Rxe6 Nd8 45. Rf6 Qe8+ 46. Kh4 Qg6 {[%cal Rg6h6][%mdl 64] [#] Pin} 47. Qb3+ Kg7 {[%cal Rg6h6][%mdl 64] Pin} 48. e6 {Accuracy: White = 22%, Black = 62%.} 0-1

[Event "CHN-ch Open 2019"]
[Site "Xinghua"]
[Date "2019.05.19"]
[Round "8.4"]
[White "Lu, Shanglei"]
[Black "Xu, Yinglun"]
[Result "1/2-1/2"]
[WhiteElo "2606"]
[BlackElo "2528"]
[Annotator "TA"]
[PlyCount "66"]
[EventDate "2019.05.11"]
[EventType "tourn"]
[EventCountry "CHN"]
[SourceTitle "playchess.com"]
[Source "ChessBase"]
[SourceQuality "1"]

{[%evp 21,66,-14,8,0,0,0,0,0,30,31,31,33,55,35,51,45,47,55,39,25,46,47,22,26,46,39,70,76,68,0,0,0,56,0,0,0,28,28,23,15,32,5,11,0,0,0,0]} 1. e4 e6 2. d4 d5 3. Nc3 Nf6 4. Bg5 Bb4 5. e5 h6 6. Bd2 Bxc3 7. bxc3 Ne4 8. Qg4 g6 9. Bd3 Nxd2 10. Kxd2 c5 11. Nf3 Nc6 12. dxc5 {C12: French: Classical System: McCutcheon Variation} Qa5 13. Qf4 Qxc5 14. Nd4 a6 {[#]} (14... Bd7 15. Rhb1 O-O-O 16. Rb5 Qe7 17. Rab1 b6 18. Nxc6 Bxc6 19. R5b4 g5 {½-½ (65) Anand,V (2817)-Nakamura,H (2774) Monte Carlo 2011}) 15. Nxc6 $146 ({Predecessor:} 15. Rhb1 b5 16. Nxc6 Qxc6 17. a4 bxa4 18. Rxa4 Qc5 19. Qf6 {½-½ (41) De Firmian,N (2649)-Kraai,J (2516) Reno 2003}) 15... Qxc6 16. h4 Bd7 17. Rab1 Rc8 18. Rb3 h5 19. Rh3 {Strongly threatening Rf3.} Rc7 20. Qf6 Rg8 21. Rf3 Bc8 22. Rf4 Qc5 23. c4 dxc4 24. Rxc4 Qa5+ {[%mdl 64] [#] Double Attack} 25. Ke2 (25. Rcb4 $1 $14) 25... Rxc4 $11 26. Bxc4 Qd8 (26... Qxa2 $11 27. Qxf7+ Kxf7 28. Rf3+ {[%mdl 64] Discovered Attack} Ke7 29. Bxa2 Bd7) 27. Rd3 ({White should try} 27. Bd3 $14) 27... Qxf6 28. exf6 {[%mdl 4096] Endgame KRB-KRB} g5 (28... b5 $5 {[%cal Rb5c4]} 29. Bb3 g5 $11) 29. Rg3 g4 $1 30. Bd3 Rh8 31. Re3 Kd7 {The position is equal.} 32. Re5 Kd6 33. Rg5 e5 {Accuracy: White = 71%, Black = 60%.} 1/2-1/2

[Event "CHN-ch Open 2019"]
[Site "Xinghua"]
[Date "2019.05.19"]
[Round "8.5"]
[White "Wen, Yang"]
[Black "Bai, Jinshi"]
[Result "1/2-1/2"]
[WhiteElo "2602"]
[BlackElo "2605"]
[Annotator "TA"]
[PlyCount "62"]
[EventDate "2019.05.11"]
[EventType "tourn"]
[EventCountry "CHN"]
[SourceTitle "playchess.com"]
[Source "ChessBase"]
[SourceQuality "1"]

{[%evp 21,62,12,31,12,32,18,12,0,14,0,6,0,0,0,0,0,0,0,0,0,0,0,0,0,0,0,0,0,0,0,0,0,0,0,0,0,0,0,0,0,0,0,0]} 1. e4 e5 2. Nf3 Nf6 3. d4 Nxe4 4. Bd3 d5 5. Nxe5 Nd7 6. Nxd7 Bxd7 7. O-O Bd6 8. c4 c6 9. cxd5 cxd5 10. Nc3 Nxc3 11. bxc3 O-O 12. Qh5 {[%csl Gd3][%cal Rh5h7] C43: Petroff Defence: 3 d4} g6 13. Qxd5 {[%mdl 64] [#] Double Attack} Qc7 {[#] The position is equal.} 14. Bh6 $146 ({Predecessor:} 14. Qf3 Qxc3 15. Bh6 Rfe8 16. Qf6 Bf8 17. Bxf8 {½-½ (31) Efimenko,Z (2651)-Oleksienko,M (2568) Abu Dhabi 2013}) 14... Rfd8 15. Qf3 Qxc3 16. Qf6 {[%csl Gh6][%cal Rf6g7]} Bf8 17. Bxf8 Rxf8 18. Be4 Bc6 19. Rac1 Qb4 20. Bxc6 bxc6 21. Rxc6 Rad8 22. Ra6 (22. g3 {seems wilder.} Rxd4 23. Rfc1 Rd7 24. h4 h5 25. Kh2) 22... Qxd4 23. Qxd4 Rxd4 24. Rxa7 $11 {[%mdl 4096] Endgame KRR-KRR} Rc8 25. g3 Rc2 26. h4 h5 27. Kg2 Rdd2 28. a4 Ra2 29. Ra6 Rd4 30. Re1 Raxa4 31. Rxa4 Rxa4 1/2-1/2

[Event "CHN-ch Open 2019"]
[Site "Xinghua"]
[Date "2019.05.19"]
[Round "8.6"]
[White "Zhao, Yuanhe"]
[Black "Liu, Yan"]
[Result "1/2-1/2"]
[WhiteElo "2437"]
[BlackElo "2502"]
[Annotator "TA"]
[PlyCount "66"]
[EventDate "2019.05.11"]
[EventType "tourn"]
[EventCountry "CHN"]
[SourceTitle "playchess.com"]
[Source "ChessBase"]
[SourceQuality "1"]

{[%evp 14,66,12,14,14,11,19,19,22,10,34,-1,-5,-5,-1,-6,7,0,0,0,0,0,0,0,0,0,0,0,0,0,0,0,7,8,13,13,21,4,27,13,12,17,89,89,64,0,0,0,0,0,0,0,0,0,-16]} 1. Nf3 Nf6 2. c4 b6 3. b3 Bb7 4. e3 g6 5. Bb2 Bg7 6. Be2 O-O 7. O-O d6 8. d4 Nbd7 {A48: 1 d4 Nf6 2 Nf3 g6: Torre, London and Colle Systems} 9. Qc2 e6 (9... c5 10. Rd1 cxd4 11. Nxd4 Rc8 12. Nc3 a6 13. Rac1 Rc7 14. Bf3 Qa8 15. Bxb7 Qxb7 16. Qe2 {0-1 (54) Nakamura,H (2781)-Liang,A (2572) chess.com INT 2018}) 10. Nc3 c5 11. Rad1 Qe7 12. dxc5 Nxc5 13. b4 Nce4 14. Nxe4 Nxe4 15. Bxg7 Kxg7 16. Nd4 e5 17. Nb5 {[#]} a6 $146 ({Predecessor:} 17... f5) 18. Nc3 Nxc3 19. Qxc3 Rfd8 20. a3 Rac8 21. Qb3 Qe6 22. Qb2 Bc6 23. Rd2 Ba4 24. h3 b5 25. cxb5 axb5 26. Bg4 f5 27. Bd1 Kf7 (27... Bxd1 $11 28. Rfxd1 d5) 28. Bxa4 $16 bxa4 29. Rfd1 ({White should play} 29. b5 $14) 29... Qb3 $11 {The position is equal.} 30. Qxb3+ axb3 31. Rb2 Rc3 32. a4 Rb8 33. b5 Ke6 {Accuracy: White = 75%, Black = 58%.} 1/2-1/2

[Event "CHN-ch Open 2019"]
[Site "Xinghua"]
[Date "2019.05.20"]
[Round "9.1"]
[White "Liu, Yan"]
[Black "Zhao, Jun"]
[Result "1/2-1/2"]
[WhiteElo "2502"]
[BlackElo "2621"]
[Annotator "TA"]
[PlyCount "79"]
[EventDate "2019.05.11"]
[EventType "tourn"]
[EventCountry "CHN"]
[SourceTitle "playchess.com"]
[Source "ChessBase"]
[SourceQuality "1"]

{[%evp 22,79,30,25,67,56,69,49,97,64,67,78,92,71,121,123,127,122,122,125,122,123,124,133,108,107,114,110,97,100,172,170,281,268,367,343,360,341,428,422,450,410,379,0,0,0,0,0,0,0,0,0,0,0,0,0,0,0,0,0]} 1. d4 Nf6 2. c4 g6 3. Nf3 Bg7 4. g3 O-O 5. Bg2 d6 6. O-O Nbd7 7. Qc2 e5 8. Rd1 Re8 9. Nc3 c6 10. e4 exd4 11. Nxd4 Qe7 12. Bf4 Ne5 {E68: King's Indian: Fianchetto: 6...Nbd7 7 0-0 e5 8 e4} 13. b3 $1 a6 14. h3 {[#]} (14. a4) 14... h5 $146 {White is slightly better.} ({Predecessor:} 14... b5 15. c5 dxc5 16. Bxe5 cxd4 17. Bxd4 Be6 18. e5 Nd7 19. f4 Rac8 20. Ne4 {½-½ (46) Liu,Y (2476)-Kotronias,V (2529) Moscow 2018}) 15. Be3 h4 16. f4 Ned7 {[#]} 17. g4 $1 (17. gxh4 Nc5 $11) 17... Nxe4 18. Qxe4 ({But not} 18. Nxe4 $6 d5 $14) 18... Qxe4 19. Nxe4 d5 20. cxd5 cxd5 21. Nc3 {[%cal Be4c3,Bc3d5,Bd5c7][%mdl 32]} Rxe3 22. Nxd5 Re1+ 23. Rxe1 Bxd4+ 24. Kf1 Bxa1 25. Rxa1 Kf8 (25... Nf8 $16) 26. Re1 $18 Rb8 {[#]} (26... Ra7 $142 27. Kg1 Nb8) 27. Nc7 $1 b5 28. Re8+ Kg7 {Now ...Bb7 and Black clings on.} 29. Kg1 b4 30. g5 a5 31. Bc6 Nc5 32. Nd5 $2 ({White should play} 32. Kh2 $18) 32... Na6 $1 $11 {The position is equal.} 33. Nf6 {[%csl Gf6][%cal Re8g8]} Bxh3 34. Re5 Nc7 {Black wants to play ...Ne6.} 35. Re7 Ne6 36. Be8 Nd8 37. Bb5 {Hoping for Re8!} Ne6 ({Worse is} 37... Rxb5 38. Re8 Rxg5+ 39. fxg5 Bf5 40. Rg8#) 38. Be8 Nd8 39. Bb5 {Black must now prevent Re8!} Ne6 ({And not} 39... Rxb5 40. Re8 Rxg5+ 41. fxg5 Bf5 42. Rg8#) 40. Be8 {Accuracy: White = 93%, Black = 45%.} 1/2-1/2

[Event "CHN-ch Open 2019"]
[Site "Xinghua"]
[Date "2019.05.20"]
[Round "9.2"]
[White "Bai, Jinshi"]
[Black "Zhao, Yuanhe"]
[Result "1-0"]
[WhiteElo "2605"]
[BlackElo "2437"]
[Annotator "ChessBase"]
[PlyCount "105"]
[EventDate "2019.05.11"]
[EventType "tourn"]
[EventCountry "CHN"]
[SourceTitle "playchess.com"]
[Source "ChessBase"]
[SourceQuality "1"]
[TimeControl "5400+30"]

1. d4 {[%emt 0:00:00]} Nf6 {[%emt 0:00:00]} 2. Nf3 {[%emt 0:00:26]} g6 {[%emt 0:00:06]} 3. g3 {[%emt 0:00:21]} Bg7 {[%emt 0:00:17]} 4. Bg2 {[%emt 0:00:09]} O-O {[%emt 0:00:25]} 5. O-O {[%emt 0:00:58]} c5 {[%emt 0:01:02]} 6. dxc5 {[%emt 0:00:50]} Na6 {[%emt 0:06:20]} 7. Be3 {[%emt 0:03:33]} Qc7 {[%emt 0:06:25]} 8. Nc3 {[%emt 0:05:50]} Nxc5 {[%emt 0:01:54]} 9. Nb5 {[%emt 0:00:14]} Qb6 {[%emt 0:02:39]} 10. a4 {[%emt 0:11:45]} Ng4 {[%emt 0:07:47]} 11. Bd4 {[%emt 0:14:18]} Bxd4 {[%emt 0:03:28]} 12. Qxd4 {[%emt 0:00:27]} d6 {[%emt 0:00:10]} 13. b4 {[%emt 0:05:13]} Nxa4 {[%emt 0:02:29]} 14. c4 {[%emt 0:01:43]} Qxd4 {[%emt 0:11:48]} 15. Nfxd4 {[%emt 0:00:08]} Nb6 {[%emt 0:00:10]} 16. c5 {[%emt 0:02:29]} dxc5 {[%emt 0:11:06]} 17. bxc5 {[%emt 0:00:07]} Nd7 {[%emt 0:00:27]} 18. c6 {[%emt 0:03:09]} e5 {[%emt 0:00:39]} 19. Nc7 {[%emt 0:09:25]} exd4 {[%emt 0:02:46]} 20. cxd7 {[%emt 0:02:37]} Bxd7 {[%emt 0:00:08]} 21. Nxa8 {[%emt 0:00:05]} Rxa8 {[%emt 0:00:04]} 22. Bxb7 {[%emt 0:00:07]} Re8 {[%emt 0:00:05]} 23. Rxa7 {[%emt 0:03:14]} Bb5 {[%emt 0:00:11]} 24. Bd5 {[%emt 0:07:58]} Nh6 {[%emt 0:00:19]} 25. Rd1 {[%emt 0:01:26]} Rxe2 {[%emt 0:06:48]} 26. Rxd4 {[%emt 0:00:21]} Re1+ {[%emt 0:03:08]} 27. Kg2 {[%emt 0:00:06]} Bf1+ {[%emt 0:04:16]} 28. Kf3 {[%emt 0:00:06]} Re5 {[%emt 0:00:22]} 29. g4 {[%emt 0:03:00]} Bh3 {[%emt 0:05:35]} 30. Ba2 {[%emt 0:10:05]} Rg5 {[%emt 0:03:38]} 31. Raa4 {[%emt 0:00:11]} Kg7 {[%emt 0:06:05]} 32. Kg3 {[%emt 0:00:57]} Bxg4 {[%emt 0:00:08]} 33. Rxg4 {[%emt 0:00:32]} Nxg4 {[%emt 0:00:07]} 34. Rxg4 {[%emt 0:00:04]} Ra5 {[%emt 0:00:03]} 35. Bc4 {[%emt 0:00:35]} Ra3+ {[%emt 0:00:09]} 36. f3 {[%emt 0:00:10]} Ra7 {[%emt 0:03:16]} 37. Rd4 {[%emt 0:00:28]} h6 {[%emt 0:00:30]} 38. Rd6 {[%emt 0:00:17]} Ra4 {[%emt 0:01:42]} 39. Rc6 {[%emt 0:00:48]} Ra7 {[%emt 0:00:05]} 40. Kf4 {[%emt 0:00:04]} Kf8 {[%emt 0:00:19]} 41. Ke5 {[%emt 0:00:29]} Kg7 {[%emt 0:01:56]} 42. Bd5 {[%emt 0:02:43]} h5 {[%emt 0:00:37]} 43. Rb6 {[%emt 0:01:25]} Re7+ {[%emt 0:00:06]} 44. Kd4 {[%emt 0:01:47]} Re2 {[%emt 0:00:46]} 45. Rb7 {[%emt 0:00:42]} Rxh2 {[%emt 0:00:06]} 46. Rxf7+ {[%emt 0:00:05]} Kh6 {[%emt 0:00:03]} 47. Ke5 {[%emt 0:00:37]} h4 {[%emt 0:01:23]} 48. Kf6 {[%emt 0:01:45]} Rg2 {[%emt 0:03:34]} 49. Rc7 {[%emt 0:02:20]} Rd2 {[%emt 0:01:38]} 50. Rc8 {[%emt 0:00:25]} Kh7 {[%emt 0:00:04]} 51. Bg8+ {[%emt 0:00:05]} Kh6 {[%emt 0:00:04]} 52. Be6 {[%emt 0:00:06]} Kh7 {[%emt 0:00:06]} 53. Rc4 {[%emt 0:00:04]} 1-0

[Event "CHN-ch Open 2019"]
[Site "Xinghua"]
[Date "2019.05.20"]
[Round "9.3"]
[White "Xu, Yinglun"]
[Black "Wen, Yang"]
[Result "1/2-1/2"]
[WhiteElo "2528"]
[BlackElo "2602"]
[Annotator "TA"]
[PlyCount "48"]
[EventDate "2019.05.11"]
[EventType "tourn"]
[EventCountry "CHN"]
[SourceTitle "playchess.com"]
[Source "ChessBase"]
[SourceQuality "1"]

{[%evp 24,48,13,4,22,6,8,9,21,6,5,0,0,0,0,0,0,0,0,0,0,-7,0,0,0,0,0]} 1. d4 Nf6 2. c4 e6 3. Nf3 d5 4. Nc3 dxc4 5. e3 a6 6. a4 c5 7. Bxc4 Nc6 8. O-O Be7 9. Qe2 cxd4 10. Rd1 e5 11. exd4 exd4 12. Nxd4 Nxd4 13. Qe5 {[#] Threatens to win with Bh6.The position is equal.} Qd6 {D27: Queen's Gambit Accepted: Classical main line: 7 e4!? and 7 a4} 14. Qxd4 Qxd4 15. Rxd4 Be6 16. Bxe6 fxe6 17. Be3 {[#]} Rc8 $146 ({Predecessor:} 17... Kf7 18. Rad1 Rhd8 19. Kf1 Rac8 20. Ke2 Rxd4 21. Bxd4 Rd8 22. f3 Ra8 23. Ke1 Ng8 24. Nb1 {½-½ (24) Shneider,A (2506)-Tkachiev,V (2632) Bastia 2001}) 18. Rad1 h6 19. h3 Kf7 20. R4d3 (20. Kf1 {is more complex.} e5 21. R4d3 Ke6 22. f3 Rhd8 23. Ke2) 20... Rhd8 21. Rxd8 Bxd8 22. Bd4 Ke7 23. Kf1 Rc6 24. Ke2 Bb6 1/2-1/2

[Event "CHN-ch Open 2019"]
[Site "Xinghua"]
[Date "2019.05.20"]
[Round "9.4"]
[White "Xu, Jun"]
[Black "Lu, Shanglei"]
[Result "0-1"]
[WhiteElo "2487"]
[BlackElo "2606"]
[Annotator "TA"]
[PlyCount "77"]
[EventDate "2019.05.11"]
[EventType "tourn"]
[EventCountry "CHN"]
[SourceTitle "playchess.com"]
[Source "ChessBase"]
[SourceQuality "1"]

{[%evp 19,77,0,14,-35,0,-29,-15,-38,-8,-41,-9,-7,-4,-12,-2,0,0,-18,-18,-16,-16,-15,-16,-15,-18,-27,-13,-8,-12,-15,-9,-10,-15,-10,0,0,0,0,0,-30,0,-106,-98,-88,-35,-136,-116,-227,-6,-86,-44,-259,-232,-206,-159,-287,-228,-392,-422,-385]} 1. c4 c6 2. Nf3 d5 3. e3 Nf6 4. Nc3 e6 5. d4 Nbd7 6. Qc2 Bd6 7. Be2 O-O 8. O-O dxc4 9. Bxc4 b5 10. Be2 Bb7 11. Ng5 {D46: Semi-Slav: 5 e3 Nbd7 6 Bd3, Black avoids the Meran} Rc8 12. Bf3 Qc7 13. h3 {[#] The position is equal.} a6 $146 ({Predecessor:} 13... Be7 14. Nge4 Rfd8 15. a3 e5 16. b4 exd4 17. exd4 {½-½ (17) Chernuschevich,A (2497)-Bauer,C (2612) Belfort 2010}) 14. Rd1 c5 (14... h6 $5 15. Nge4 $8 Be7 $11) 15. Bxb7 Qxb7 {[#]} 16. d5 $1 {[%mdl 512]} exd5 {[#]} 17. Nxd5 $1 {[%mdl 512]} Rcd8 (17... Nxd5 18. Qxh7#) 18. Nxf6+ (18. b4 {keeps more tension.} h6 19. bxc5 Bxc5 20. Nxf6+ Nxf6 21. Bb2) 18... Nxf6 19. Bd2 {Black must now prevent Bc3.} h6 20. Nf3 Rd7 21. Bc3 Ne4 22. Be5 Rfd8 {Strongly threatening ...Bxe5.} 23. Bxd6 Rxd6 24. Rxd6 Rxd6 25. Rd1 Rd5 26. Qb3 Rxd1+ (26... c4 $5 27. Qc2 $8 Nc5 $11) 27. Qxd1 Qe7 28. Qd5 Qe6 29. Qb7 b4 {[%cal Bb5b4,Bb4b3][%mdl 32]} 30. a3 {[#]} (30. Qc7 $11 {remains equal.}) 30... b3 $1 $17 31. a4 g6 ({Black should try} 31... Kh8 $17) 32. a5 (32. Qc7 $1 $15) 32... Kg7 33. g3 (33. Qa7 $17) 33... Ng5 $2 ({Black should play} 33... g5 $19 34. Kg2 h5) 34. Nd2 (34. Nxg5 $11 {keeps the balance.} hxg5 35. Qb8) 34... Qf6 ({But not} 34... Nxh3+ $6 35. Kg2 $11) 35. Qxb3 $2 (35. Kg2 $1 $15) 35... Nxh3+ $19 {[%mdl 64] Double Attack} 36. Kg2 Nxf2 37. Qb6 (37. Qc3 $17 {was necessary.} Qxc3 38. bxc3) 37... Qf5 {( -> ...Ng4)} 38. Qxa6 $2 {[#]} (38. e4 Nxe4 39. Nxe4 Qxe4+ 40. Kf2) 38... Nd3 $1 {Hoping for ...Qf2+.} ({Less strong is} 38... Ng4 39. Qe2 $15) 39. Nf3 {Accuracy: White = 22%, Black = 36%.} 0-1

[Event "CHN-ch Open 2019"]
[Site "Xinghua"]
[Date "2019.05.20"]
[Round "9.5"]
[White "Peng, Xiongjian"]
[Black "Li, Shilong"]
[Result "*"]
[WhiteElo "2451"]
[BlackElo "2507"]
[Annotator "TA"]
[PlyCount "32"]
[EventDate "2019.05.11"]
[EventType "tourn"]
[EventCountry "CHN"]
[SourceTitle "playchess.com"]
[Source "ChessBase"]
[SourceQuality "1"]

{[%evp 14,23,20,25,18,12,10,8,0,2,20,6]} 1. d4 Nf6 2. Nf3 g6 3. g3 Bg7 4. Bg2 O-O 5. O-O d6 6. b3 e5 7. dxe5 dxe5 8. Ba3 Qxd1 {A49: 1 d4 Nf6 2 Nf3 g6 3 g3: Anti-King's Indian systems} 9. Rxd1 {The position is equal.} Re8 10. c4 e4 11. Nd4 $1 e3 {aiming for ...exf2+.} 12. f3 {Predecessor:} Na6 $146 13. Nc3 c6 14. Rac1 h5 15. h4 Bf8 16. Bxf8 Kxf8 {½-½ (47) Vidit,S (2693)-Le,Q (2739) Tbilisi 2017} *